Le Monténégro pour les touristes... - Statistiques

Statistiques générales
  • Ce quiz a été pris 31 fois
    23 depuis la dernière actualisation
  • Le résultat moyen est 12 sur 20
Statistiques - réponses
Question Indice Réponses % Correct
Quelles autres langues sont répandues ? C Croate
100%
Quelles autres langues sont répandues ? S Serbe
100%
La conduite se fait à droite ou à gauche ? Droite
92%
Quelle est la monnaie ? Euro
92%
Quelle est la langue officielle ? Monténégrin
92%
Dans la capitale y-a-t-il un décalage horaire avec Paris ? (oui/non) Non
92%
Quelles autres langues sont répandues ? A Anglais
85%
Quelles autres langues sont répandues ? A Albanais
77%
Quelles sont les principales villes touristiques ? K Kotor
77%
La vitesse est limitée hors agglomérations à {80} km/h
62%
Quelles autres langues sont répandues ? B Bosnien
62%
Achats à faire 3/ Huile d' Olive
62%
Le taux d'alcoolémie toléré au volant est de {0.3} g/l
46%
Quelles autres langues sont répandues ? A Allemand
46%
Quelles sont les principales villes touristiques ? B Budva
46%
Le suffixe internet est me
31%
Quelles sont les principales villes touristiques ? T Tivat
31%
La religion majoritaire est O Orthodoxisme
8%
Achats à faire 1/ Statuettes représentant un... Couple
0%
Achats à faire 2/ Salaison Jambon
0%
Aucun quiz correspondant
Distribution des résultats
% des personnes avec chaque résultat
Percentile par nombre de réponses
Votre historique - résultats
Vous n’avez pas pris ce quiz depuis la dernière actualisation